|
|
|
|
| LEADER |
00000nam0a2200000 4500 |
| 001 |
99305 |
| 005 |
20231031111638.0 |
| 010 |
|
|
|a 5984570203
|
| 035 |
|
|
|a (RuTPU)RU\TPU\book\106537
|
| 090 |
|
|
|a 99305
|
| 100 |
|
|
|a 20060630d2004 k y0rusy50 ca
|
| 101 |
0 |
|
|a rus
|
| 102 |
|
|
|a RU
|
| 105 |
|
|
|a a z 101zy
|
| 200 |
1 |
|
|a Пече-трубостроение: тепловые режимы, конструкции, автоматизация и экология
|e международный конгресс
|f Академия инженерных наук им. А. М. Прохорова
|
| 210 |
|
|
|a Москва
|c Теплотехник
|d 2004
|
| 215 |
|
|
|a 279 с.
|c ил.
|
| 320 |
|
|
|a Библиогр.: с. 274.
|
| 330 |
|
|
|a В материалах конгресса приведены пленарные доклады ведущих специалистов отечественных и зарубежных предприятий-производителей и предприятий-потребителей печей и труб. В статьях затрагиваются вопросы, которые приходится часто решать в металлургическом и огнеупорном производстве, например, об особенностях системы отопления нагревательных печей и газоочистом оборудовании. В третьей части книги приведена информация о предприятиях, входящих в Ассоциацию пече- и трубостроителей России «РосТеплостройМонтаж», среди которых известные разработчики, изготовители и потребители печей и труб. Предоставленные материалы конгресса будут полезны инженерно-техническим работникам огнеупорных и металлургических предприятий, проектных, исследовательских и наладочных организаций.
|
| 610 |
1 |
|
|a промышленные печи
|
| 610 |
1 |
|
|a дымовые трубы
|
| 610 |
1 |
|
|a печестроение
|
| 610 |
1 |
|
|a трубостроение
|
| 610 |
1 |
|
|a горелочные устройства
|
| 610 |
1 |
|
|a огнеупорные материалы
|
| 610 |
1 |
|
|a Россия
|
| 610 |
1 |
|
|a 21 век
|
| 610 |
1 |
|
|a стекловаренные печи
|
| 610 |
1 |
|
|a оборудование
|
| 610 |
1 |
|
|a энергоаудит
|
| 610 |
1 |
|
|a сертификация
|
| 610 |
1 |
|
|a печное оборудование
|
| 610 |
1 |
|
|a металлургия
|
| 610 |
1 |
|
|a долговечность
|
| 610 |
1 |
|
|a конгрессы
|
| 610 |
1 |
|
|a ассоциации
|
| 675 |
|
|
|a 66.041(063)
|v 3
|
| 675 |
|
|
|a 693.22:697.24(063)
|v 3
|
| 712 |
0 |
2 |
|a Академия инженерных наук им. А. М. Прохорова
|
| 712 |
1 |
2 |
|a Пече- и трубостроение: тепловые режимы, конструкции, автоматизация и экология
|b международный конгресс
|
| 801 |
|
1 |
|a RU
|b 63413507
|c 20060630
|g PSBO
|
| 801 |
|
2 |
|a RU
|b 63413507
|c 20150708
|g PSBO
|
| 942 |
|
|
|c BK
|
| 959 |
|
|
|a 59/20060626
|d 1
|e 5500,00
|f НФ:1
|